000 00720nam a2200241Ia 4500
003 OSt
005 20220925195359.0
006 a|||||r|||| 00| 0
007 ta
008 220923b |||||||| |||| 00| 0 eng d
037 _cGeneral Book
040 _aRTL
_cRTL
_beng
041 _2eng
_aeng
082 _aX991, P0
100 _aYamazawa Ippei Ed.
_917167
245 0 _aDeveloping economies in the twenty-first century
260 _aChiba
_bInstitute of Developing Economies
_c2000
300 _avii, 121p.
_ccm.
500 _aInternational Symposium on Developing Economies, 20.
650 _aGlobalization
942 _hX991, P0
_cGB
_2CC
999 _c532744
_d532744